Match the Lyric to the Song - Statistics

General Stats
  • This quiz has been taken 19 times
  • The average score is 6 of 11
Answer Stats
Hint Answer % Correct
its fun to stay at the Y.M.C.A YMCA
88%
baby, baby, baby, oh baby
76%
welcome to the new age, to the new age radioactive
65%
and it burns, burns, burns the ring of fire ring of fire
65%
girl you know I want your love shape of you
59%
lightning and the thunder thunder
59%
she said shut up and dance with me shut up and dance
53%
I walk a lonely road the only one that I have ever known boulevard of broken dreams
41%
West Virginia, mountain mama take me home country roads
41%
cause you make my earth quake earfquake
35%
dont worry about a thing three little birds
24%
No matching quizzes found
Score Distribution
Percent of People with Each Score
Percentile by Number Answered
Your Score History
You have not taken this quiz